Strategy Consulting

Gespeichert in:
Bibliographische Detailangaben
1. Verfasser: Kraaijenbrink, Jeroen
Format: Buch
Sprache:Englisch
Veröffentlicht: Cambridge Cambridge University Press 2020
Ausgabe:1st Edition
Schlagworte:
Tags: Tag hinzufügen
Keine Tags, Fügen Sie das erste Tag hinzu!

MARC

LEADER 00000nam a2200000 4500
001 0288888
005 20240221115956.3
020 |a 978-1-108-81195-8 
041 0 |a eng 
044 |a GB 
245 1 0 |a Strategy Consulting  |c Jeroen Kraaijenbrink 
250 |a 1st Edition 
264 1 |a Cambridge  |b Cambridge University Press  |c 2020 
300 |a 72 s. 
610 2 0 |a konzultácie 
610 2 0 |a konzultanti 
610 2 0 |a riadenie strategické 
610 2 0 |a stratégia podnikateľská 
100 1 |a Kraaijenbrink, Jeroen